000
00345 a2200169 4500
001
175412
020
_a
85-262-1734-8
040
_c
Magnum
100
_a
This, Bernard
240
1
0
_a
De onde venho?
_l
por
245
1
0
_a
De onde venho?
300
_a
32
362
0
_a
1991
440
1
_a
Scipione
697
_a
CIĆNCIAS NATURAIS
942
_c
BK
999
_c
175412
_d
175412